Responses for Show #4772 - Tuesday, May 10, 2005

2005 Ultimate Tournament of Champions Round 3, game 2.

Contestants

[<< previous game]

Brian Moore, an astronomer from Houston, Texas

Phil Yellman, a legal assistant from Seattle, Washington

Pam Mueller, an entering law student originally from Chicago, Illinois

[next game >>]

Jeopardy! Round responses

(Alex: And we continue with our tribute to CNN's 25th anniversary. Our first category is...)
CNN 25: POTPOURRI
ANAGRAMMED BRITISH CITIES
THE FABULOUS '50s
A "C" IN ANATOMY
GIFTS FOR EVERYONE
QUASI-RELATED PAIRS
    $200 12
St. Peter's

Pam
    $200 11
Canterbury

Phil
    $200 6
Billy Graham

Brian
    $200 13
the clavicle

Brian
    $200 30
Florence

Phil
    $200 1
Lady & the Tramp

Pam
    $400 18
(Phil: Who is Lucas?)
...
(Alex We were going for the film, not George Lucas, the creator.)

Star Wars: Episode I

PhilBrian
    $400 23
Nottingham

Brian
    $400 7
M&M's

Phil
    $400 14
capillaries

Brian
    $2,600 29
(Phil: Well, this worked last time, so I'll make it a True Daily Double.)

the Statue of Liberty

Phil
    $400 2
Adam & Eve

Brian
    $600 19
stem cells

Phil
    $600 24
Liverpool

Phil
    $600 8
the Edsel

Brian
    $600 15
the cornea

Phil
    $600 21
Harvard

Phil
    $600 3
Burns & Allen

Brian
    $800 20
Benazir Bhutto

Pam
    $800 26
Manchester

Triple Stumper
    $800 9
Laura Ingalls Wilder

Pam
    $800 16
cervix

Pam
    $800 25
Churchill

Pam
    $800 4
tool & die

Brian
    $1000 22
(Alex: It got 35 votes, it needed 38.)

3

Brian
    $1000 27
(Phil: What is Portsmouth?)

Plymouth

PhilBrian
    $1000 10
Jimmy Stewart

Brian
    $1000 17
the corpus callosum

Brian
    $1000 28
(George) Soros

Phil
    $1000 5
Beany & Cecil

Brian

Scores at the first commercial break (after clue 17):

Pam Phil Brian
$2,000 $1,200 $6,200

Scores at the end of the Jeopardy! Round:

Pam Phil Brian
$3,600 $5,400 $9,000

Double Jeopardy! Round responses

(Alex: And for those of you who are fans of Jeopardy! as well as Cheers, that great comedy series, you will recognize our categories in this round...)
CIVIL SERVANTS
STAMPS FROM AROUND THE WORLD
MOTHERS & SONS
BEER
"BAR" TRIVIA
CELIBACY
    $400 7
the executive branch

Phil
    $400 16
(Alex: Yes, Rembrandt.)

the Netherlands

Brian
    $400 30
Bonanza

Brian
    $400 11
(Brian: What is Molson?)

Coors

PhilBrian
    $400 1
(Brian: What's a bartle?)

a scabbard

Brian
Triple Stumper
    $400 19
the Vestal Virgins

Brian
    $800 8
Personnel Management

Phil
    $800 17
Angkor Wat

Brian
    $800 25
Norman Bates

Pam
    $800 12
non-alcoholic

Pam
    $800 2
rhubarb

Pam
    $800 29
(Phil: What is solipsistic?)
(Brian: What is ascetic?)

monastic

PhilBrian
Triple Stumper
    $1200 5
the spoils system

Pam
    $1200 18
1981

Pam
    $1200 22
Angelina Jolie

Pam
    $1200 13
pale ale

Phil
    $1200 3
a millibar

Brian
    $1200 26
Morrissey

Pam
    $3,200 9
(Phil: What is the Hudon's Bay Company?)
(Alex: No, we thought somebody might say that. It's [*].)

the British East India Company

Phil
    $1600 20
Henri de Toulouse-Lautrec

Triple Stumper
    $1600 23
Heartbreak Hotel

Phil
    $1600 14
Rheingold

Phil
    $1600 4
Zanzibar

Phil
    $2,000 27
Gandhi

Pam
    $2000 10
(Charles) Guiteau

Pam
    $2000 21
(Brian: Who is Chiang Kai-shek?)

Sun Yat-sen

PhilBrian
    $2000 24
Pauly Shore

Phil
    $2000 15
Belgium

Brian
    $2000 6
Aldebaran

Brian
    $2000 28
(Phil: What are the Councils of Trent?)

the Lateran Councils

Phil
Triple Stumper

Scores at the end of the Double Jeopardy! Round:

Pam Phil Brian
$14,800 $11,000 $12,600

[wagering suggestions for these scores]

Final Jeopardy! Round responses

20th CENTURY AUTHORS
(Alex: Pam, I'll give you some advice. Don't ever get into a poker game because you do not have a good poker face. You wrote down something quickly.)
...
(Alex: The famous Norwegian of the time was the explorer--Amundsen.)
PhilWho is Caldwell?
$3,000
BrianWho is [Bello stricken out] Ibsen
$12,600
PamWho is Roald Dahl?
$10,401
Roald Dahl

Final scores:

Pam Phil Brian
$25,201 $8,000 $0
Winner: $30,000 + an advance to UToC Round 4 2nd place: $15,000 3rd place: $15,000

Game dynamics:

Coryat scores:

Pam Phil Brian
$14,400 $12,000 $12,600
15 R
(including 1 DD),
0 W
18 R
(including 1 DD),
5 W
(including 1 DD)
21 R,
4 W

Combined Coryat: $39,000

[game clues] [game scores] [suggest correction]

Game tape date: 2005-04-13
The J! Archive is created by fans, for fans. Scraping, republication, monetization, and malicious use prohibited; this site may use cookies and collect identifying information. See terms. The Jeopardy! game show and all elements thereof, including but not limited to copyright and trademark thereto, are the property of Jeopardy Productions, Inc. and are protected under law. This website is not affiliated with, sponsored by, or operated by Jeopardy Productions, Inc. Join the discussion at JBoard.tv.